000
00312cam a22001217a 4500
008
180718b1955 xxu||||| |||| 00| 0 eng d
082
_a
G9 W252
100
_a
Warren, Earl
245
_a
The law and the future
_c
by Earl Warren
260
_a
New York
_b
American breakthrough
_c
1955
300
_a
16p.
650
_a
Law
999
_c
441509
_d
441509